01436nam a22002777a 450000500170000000800410001702000150005804000070007304100080008008200220008810000420011024500380015226000450019030000310023536500240026652005660029065000230085665000240087965000290090365000280093270000290096070000300098994200120101999900190103195201080105020211218092039.0211218b ||||| |||| 00| 0 eng d a0195640861 cAL aeng 223a307.760bPATB aSujata Patel: Alice Thorner Ed911800 aBombay: Metaphor for Modern India aBombay:bOxford University Press,c1996. axxxv,298 p.bPBc21x13 cm. b150.00c₹d150.00 aThe unprecedented bouts of violence which ravaged Bombay in December 1992 and January 1993 raised agonizing questions as to how such a disaster could have occurred in India's modern metropolis. This book identifies the key characterisitcs of the city and explores the processes which have led to its conspicuous successes and hidden conflicts. The three main themes treated are labour and enterprise; claims on land, housing and health; politics and populism - the contributors dealing with the present as well as with its roots in the recent and colonial past. aCommunities911793 aUrbanization911794 aSocial Conditions911795 aEconomic History911796 aPATEL (Sujata) Ed911797 aTHORNER (Alice) Ed911798 2ddccGF c220968d220968 00102ddc40708SOCaALbALd2013-03-24l0o307.760 PATBpGF00761r2021-12-18 00:00:00w2021-12-18yGF